Asociaciones de propietarios para obras municipales : Estudio socio-económico de la cooperación de la propiedad a los planes urbanísticos : Investigación del orígen, desarrollo y funcionamiento de las Asociaciones creadas a tal fin por la legislación local ... y Promoción de medidas que aseguren y agilicen su aplicación como instrumento el más idóneo de colaboración Estudio socio-económico de la cooperación de la propiedad a los planes urbanísticos :
MARC
| LEADER | 00000nam a2200000Ia 4500 | ||
|---|---|---|---|
| 001 | 10541, 10542 | ||
| 008 | 160829s1974 xx 000 0 cat d | ||
| 080 | |a B-1-308, B-1-309 | ||
| 245 | |a Asociaciones de propietarios para obras municipales : |b Estudio socio-económico de la cooperación de la propiedad a los planes urbanísticos : |b Investigación del orígen, desarrollo y funcionamiento de las Asociaciones creadas a tal fin por la legislación local ... y Promoción de medidas que aseguren y agilicen su aplicación como instrumento el más idóneo de colaboración | ||
| 260 | |a Barcelona : |b [s.n.], |c 1974 | ||
| 300 | |a 2 v. ; |c 28 cm | ||
| 590 | |a Premi 'Marqués Carbó 1974'. | ||
| 590 | |a Conté: v. 1: Investigación; v. 2: Anejos | ||
| 901 | |a Arxiu | ||
| 942 | |n 1 | ||
| 952 | |0 0 |1 0 |4 0 |6 B1308_B1309 |7 1 |9 42903 |a Arxiu |b Arxiu |d 2016-12-01 |l 0 |o B-1-308, B-1-309 |p 10541, 10542 |r 2016-12-01 00:00:00 |w 2016-12-01 |y ARXIU | ||
| 999 | |c 45409 |d 45409 | ||